Statistics for Doctor Who - Nuwho Quiz

Click here to take the quiz!

General Stats

  • This quiz has been taken 19 times
  • The average score is 7 of 15

Answer Stats

HintAnswer% Correct
Who is nicknamed the Impossible Girl?Clara Oswald
100%
What is the name of the police from the Shadow ProclamationJudoon
78%
After 9ths regeneration, what are the
first words from 10th? (Shortened)
New teeth
67%
Who played Missy?Michelle Gomez
61%
What species held Rose hostage in their spaceship?Dalek
50%
In Midnight, what was the name of the
lost moon?
Poosh
50%
They feast in the shadowsVashta Nerada
50%
What were the last words from the 11th doctor?I will always remember
when the doctor was me
39%
What is the name of the species in Fires of Pompeii?Pyrovile
39%
What is the correct name for the Planet
the Slitheen are from?
Raxacoricofallapatorius
33%
What is the species in School Reunion?Krillitanes
28%
Who played Rory Williams?Arthur Darville
22%
In the episode, "End of the World," who is the small blue alien
who likes to spit on people?
Moxx of Balhoon
17%
In the episode, "Fear Her," what is the name of the species
who possessed the child?
Isolus
11%
Also in the episode, "End of the World," who are the trees?Trees of Cheem
6%

Score Distribution

Percentile by Number Answered

Percent of People with Each Score

Your Score History

You have not taken this quiz